| 000 | 00604aam a2200241 4500 | ||
|---|---|---|---|
| 005 | 20241205153455.0 | ||
| 008 | 150408b2009 xxu||||| |||| 00| 0 spa d | ||
| 020 | _a9789977311623 | ||
| 041 | _aESP | ||
| 082 | _a346.048.2 C8374c | ||
| 100 | _aCosta Rica. Leyes, decretos, etc. | ||
| 245 | _aCódigo de Propiedad Intelectual | ||
| 260 | _aCosta Rica | ||
| 260 | _bEditorial Juricentro | ||
| 260 | _c2009 | ||
| 300 | _a606 páginas | ||
| 650 | _aCOSTA RICA | ||
| 650 | _aPROPIEDAD INTELECTUAL | ||
| 650 | _aLEGISLACIÓN | ||
| 650 | _aINVENCIONES | ||
| 650 | _aPATENTES | ||
| 942 |
_cBK _2ddc |
||
| 999 |
_c4343 _d4343 |
||